| 000 | 01012nam a22003377a 4500 | ||
|---|---|---|---|
| 003 | CHAP | ||
| 005 | 20220817041102.0 | ||
| 008 | 971013s1990 r 00010 d | ||
| 010 | _a6065 | ||
| 011 | _a7037 | ||
| 035 | _a6260 | ||
| 040 | _cCHAP | ||
| 082 |
_a301.444 _bK5 |
||
| 100 | 0 | 0 |
_aKnochenhaver, Guillermo. _963540 |
| 245 | _aOrganizaciones campesinas | ||
| 260 |
_aMéxico, D.F. : _bIEPES, _c1990 |
||
| 300 | _a283 p. | ||
| 490 | _aTestimonios y documentos | ||
| 500 | _a60-208 | ||
| 590 |
_aBATCH-UPD _b10 _c20130110 _lUCH01 _h0245 |
||
| 590 |
_aBATCH-UPD _b10 _c20130110 _lUCH01 _h1519 |
||
| 590 |
_aBATCH-UPD _b10 _c20130409 _lUCH01 _h2315 |
||
| 590 |
_aBATCH-UPD _b10 _c20130914 _lUCH01 _h0826 |
||
| 590 |
_aCONVERSION _b10 _c20130109 _lUCH01 _h1304 |
||
| 650 | 1 | 4 |
_aAgricultura _xSociedades. _91797 |
| 650 | 1 | 4 |
_aCampesinado _zMéxico. |
| 830 | 0 |
_aTestimonios y documentos _9112482 |
|
| 901 | _aBK | ||
| 942 | _cLIBRO | ||
| 949 |
_a301.444 K5 _bBC _cLIBRO _d33724000230363 _eLIBRO _h82495 _i6260 _si _t10.00 |
||
| 999 |
_c6065 _d6065 |
||